[Event "Recife PE23 Gr B"]
[Site "Recife"]
[Date "2023.04.08"]
[Round "5"]
[White "Batista, Davi de Azevedo"]
[Black "Barioni, Daniel Rossiter"]
[Result "1-0"]
[WhiteElo "1874"]
[BlackElo "1829"]
[PlyCount "55"]
[EventDate "2023.04.06"]
[EventType "tourn"]
[EventRounds "7"]
[EventCountry "BRA"]
[SourceTitle "EXT 2024"]
[Source "ChessBase"]
[SourceDate "2023.10.10"]
[SourceVersion "1"]
[SourceVersionDate "2023.10.10"]
[SourceQuality "1"]

1. e4 e6 2. d4 d5 3. Nd2 dxe4 4. Nxe4 Nd7 5. Nf3 Ngf6 6. Ng3 c5 7. c3 Be7 8. Bd3 0-0 9. 0-0 Qc7 10. Be3 b6 11. Rc1 Bb7 12. Bb1 Rfd8 13. Qc2 h6 14. Rfe1 Bd6 15. Nd2 Rac8 16. Kh1 Qb8 17. a4 Qa8 18. f3 Qb8 19. Ndf1 Ba6 20. dxc5 Nxc5 21. Rcd1 Bc4 22. Bxc5 bxc5 23. Ne4 Be7 24. Nxf6+ Bxf6 25. Ne3 Bb3 26. Qh7+ Kf8 27. Qh8+ Ke7 28. Nf5# 1-0

[Event "Recife PE23 Gr B"]
[Site "Recife"]
[Date "2023.04.07"]
[Round "3"]
[White "Ferreira, Rafael Emiliano"]
[Black "Barioni, Daniel Rossiter"]
[Result "0-1"]
[WhiteElo "1847"]
[BlackElo "1829"]
[PlyCount "72"]
[EventDate "2023.04.06"]
[EventType "tourn"]
[EventRounds "7"]
[EventCountry "BRA"]
[SourceTitle "EXT 2024"]
[Source "ChessBase"]
[SourceDate "2023.10.10"]
[SourceVersion "1"]
[SourceVersionDate "2023.10.10"]
[SourceQuality "1"]

1. d4 d5 2. c4 e6 3. Nc3 Nf6 4. Nf3 a6 5. a4 Be7 6. Bg5 0-0 7. e3 Nbd7 8. c5 b6 9. b4 bxc5 10. bxc5 Ne4 11. Nxe4 dxe4 12. Bxe7 Qxe7 13. Nd2 f5 14. Bc4 Kh8 15. 0-0 e5 16. c6 Nb6 17. d5 Rd8 18. Qb3 Nxc4 19. Qxc4 a5 20. Nxe4 Ba6 21. Qc5 Qxc5 22. Nxc5 Bxf1 23. Kxf1 Rxd5 24. Ne6 Rd6 25. Nxc7 Rc8 26. Nb5 Rdxc6 27. Ke2 Rc2+ 28. Kf3 e4+ 29. Kg3 R8c6 30. Rd1 Rg6+ 31. Kf4 Rxf2+ 32. Ke5 h5 33. Rd8+ Kh7 34. Nd6 Rd2 35. g3 h4 36. gxh4 Rgxd6 0-1

[Event "BRA-ch 88th"]
[Site "Recife"]
[Date "2022.12.22"]
[Round "10"]
[White "Barioni, Daniel Rossiter"]
[Black "Araujo, Jose Roberto"]
[Result "0-1"]
[WhiteElo "1817"]
[BlackElo "2037"]
[PlyCount "80"]
[EventDate "2022.12.15"]
[EventType "swiss"]
[EventRounds "11"]
[EventCountry "BRA"]
[SourceTitle "CBM 212 Extra"]
[Source "ChessBase"]
[SourceDate "2023.03.31"]
[SourceVersion "1"]
[SourceVersionDate "2023.03.31"]
[SourceQuality "1"]

1. d4 Nf6 2. Nf3 g6 3. c4 Bg7 4. g3 0-0 5. Bg2 d6 6. 0-0 Nbd7 7. b3 e5 8. e3 c6 9. dxe5 dxe5 10. Bb2 Ne4 11. Nbd2 Nec5 12. Qc2 a5 13. Rfd1 Qb6 14. Rab1 Re8 15. e4 Nf8 16. a3 f5 17. b4 axb4 18. axb4 Nxe4 19. Nxe4 fxe4 20. c5 Qxb4 21. Bxe5 Qa4 22. Qxa4 Rxa4 23. Bxg7 exf3 24. Bxf8 Rxf8 25. Bf1 Ra5 26. Rbc1 Be6 27. Rd6 Bd5 28. h3 Rf7 29. g4 Ra2 30. g5 Rf5 31. h4 Ra4 32. Bh3 Re5 33. Rd8+ Kf7 34. Rb1 Re7 35. Bd7 Rxh4 36. Bc8 Rh5 37. Bxb7 Re4 38. Bc8 Rxg5+ 39. Kh2 Rh4+ 40. Bh3 Rg2+ 0-1

[Event "BRA-ch 88th"]
[Site "Recife"]
[Date "2022.12.16"]
[Round "2"]
[White "Barioni, Daniel Rossiter"]
[Black "Lima, Stefan Moisei Vieir"]
[Result "1-0"]
[WhiteElo "1817"]
[BlackElo "2076"]
[PlyCount "83"]
[EventDate "2022.12.15"]
[EventType "swiss"]
[EventRounds "11"]
[EventCountry "BRA"]
[SourceTitle "CBM 212 Extra"]
[Source "ChessBase"]
[SourceDate "2023.03.31"]
[SourceVersion "1"]
[SourceVersionDate "2023.03.31"]
[SourceQuality "1"]

1. d4 Nf6 2. Nf3 g6 3. c4 Bg7 4. g3 0-0 5. Bg2 c6 6. 0-0 d5 7. cxd5 cxd5 8. Nc3 Nc6 9. Ne5 e6 10. f4 Nd7 11. Kh1 Qb6 12. e3 Ndxe5 13. fxe5 Bd7 14. Na4 Qc7 15. Bd2 Na5 16. Nc5 Bb5 17. Rf3 Nc4 18. a4 Nxd2 19. Qxd2 Bc6 20. Rc1 b6 21. Nd3 Qd7 22. b3 Rfc8 23. Rcf1 Rf8 24. Nf2 f5 25. exf6 Bxf6 26. Nd3 Bg7 27. Bh3 Qe7 28. Qb4 Rfe8 29. Rf7 Qxf7 30. Rxf7 Kxf7 31. Qd6 Bb7 32. Nf4 Kg8 33. Nxe6 Bh6 34. Qd7 Rab8 35. Kg2 Bf8 36. Qc7 Rec8 37. Qe5 Re8 38. Qf4 Rbc8 39. Ng5 Rc2+ 40. Kf3 Re7 41. Be6+ Rxe6 42. Qf7+ 1-0

[Event "Pernambuco Magistral Gr-A"]
[Site "Recife"]
[Date "2021.10.10"]
[Round "2"]
[White "Barioni, Daniel Rossiter"]
[Black "De Andrade, Dalson Holanda Cav"]
[Result "1-0"]
[WhiteElo "1838"]
[BlackElo "2000"]
[PlyCount "107"]
[EventDate "2021.10.09"]
[EventType "tourn"]
[EventRounds "7"]
[EventCountry "BRA"]
[SourceTitle "EXT 2023"]
[Source "ChessBase"]
[SourceDate "2022.10.05"]
[SourceVersion "1"]
[SourceVersionDate "2022.10.05"]
[SourceQuality "1"]

1. d4 d5 2. c4 e6 3. Nf3 Nf6 4. Nc3 Be7 5. Bf4 0-0 6. e3 b6 7. cxd5 exd5 8. Bd3 Bb7 9. Qc2 c5 10. 0-0 Nc6 11. a3 Rc8 12. Bf5 Ra8 13. Rfd1 h6 14. Rd2 Re8 15. dxc5 bxc5 16. Rad1 Na5 17. b3 Bd6 18. Nxd5 Nxd5 19. Rxd5 Bxd5 20. Rxd5 Nb7 21. Bxd6 Nxd6 22. Qd3 Qa5 23. Rxd6 Rad8 24. Rxd8 Rxd8 25. Qc2 c4 26. h3 cxb3 27. Bh7+ Kh8 28. Qxb3 Kxh7 29. Qxf7 Qxa3 30. Nh4 Qa1+ 31. Kh2 Qf6 32. Qc4 Qxf2 33. Qe4+ Kg8 34. Nf5 Qb2 35. Ne7+ Kf7 36. Nc6 Re8 37. Qf4+ Qf6 38. Nxa7 Qxf4+ 39. exf4 Re4 40. Kg3 Re3+ 41. Kf2 Ra3 42. Nb5 Ra2+ 43. Kf3 Rb2 44. Nd6+ Ke6 45. Nc4 Rb3+ 46. Ne3 Ra3 47. Ke4 g6 48. g4 Ra1 49. f5+ gxf5+ 50. Nxf5 Rh1 51. h4 Kf6 52. Kf4 Rf1+ 53. Kg3 h5 54. Ne3 1-0

[Event "Recife Akasaka Cup 7th"]
[Site "Recife"]
[Date "2019.04.14"]
[Round "6"]
[White "Barioni, Daniel Rossiter"]
[Black "Da Silva Araujo, Gabriel Victor"]
[Result "0-1"]
[WhiteElo "1816"]
[BlackElo "1980"]
[PlyCount "96"]
[EventDate "2019.04.12"]
[EventType "swiss"]
[EventRounds "6"]
[EventCountry "BRA"]
[SourceTitle "CBM 189 Extra"]
[Source "ChessBase"]
[SourceDate "2019.06.03"]
[SourceVersion "1"]
[SourceVersionDate "2019.06.03"]
[SourceQuality "1"]

1. d4 Nf6 2. Bf4 d5 3. e3 c5 4. c3 Nc6 5. Bd3 g6 6. Nd2 Bf5 7. Bxf5 gxf5 8. Ngf3 c4 9. 0-0 e6 10. h3 Bd6 11. Bg5 h6 12. Bh4 0-0 13. Kh1 Kh7 14. Rg1 Be7 15. Bxf6 Bxf6 16. Qc2 Kh8 17. Nh2 Rg8 18. f3 Bh4 19. Ndf1 b5 20. e4 f4 21. exd5 Qxd5 22. Qd2 Qg5 23. Ng4 f5 24. Nf2 Ne7 25. Re1 Qf6 26. Re2 Nd5 27. Qe1 Rg6 28. Kh2 Rag8 29. Qd2 a5 30. Nh1 Qg7 31. a3 Kh7 32. Qc2 Kh8 33. Qd2 Qc7 34. Re5 Ne3 35. Nxe3 fxe3 36. Qxe3 Bf6 37. f4 Bxe5 38. fxe5 Qc6 39. Qe2 Qd5 40. g3 Rb8 41. Qh5 Kh7 42. Nf2 b4 43. axb4 axb4 44. g4 Qf3 45. Rg2 bxc3 46. bxc3 Rb2 47. Qh4 Qf4+ 48. Kh1 Rg5 0-1

[Event "Recife Rafael Cabral Cup 6th"]
[Site "Recife"]
[Date "2018.09.30"]
[Round "6"]
[White "Barioni, Daniel Rossiter"]
[Black "Deus Filho, Joaquim"]
[Result "0-1"]
[WhiteElo "1793"]
[BlackElo "1908"]
[PlyCount "86"]
[EventDate "2018.09.28"]
[EventType "swiss"]
[EventRounds "6"]
[EventCountry "BRA"]
[SourceTitle "EXT 2020"]
[Source "ChessBase"]
[SourceDate "2019.10.17"]
[SourceVersion "1"]
[SourceVersionDate "2019.10.17"]
[SourceQuality "1"]

1. d4 Nf6 2. Bf4 c5 3. d5 Qb6 4. Nc3 Qxb2 5. Bd2 Qb6 6. e4 d6 7. f4 Nbd7 8. Nf3 Qc7 9. Bc4 a6 10. a4 g6 11. 0-0 Bg7 12. Qe1 Nb6 13. Be2 0-0 14. Qh4 Re8 15. a5 Nbd7 16. f5 Nf8 17. Bh6 b5 18. axb6 Qxb6 19. Bxg7 Kxg7 20. Rfb1 Qc7 21. Qg5 Bb7 22. Nh4 Bc8 23. Qg3 Kh8 24. Rf1 a5 25. Qg5 Kg7 26. Rf3 h6 27. Qd2 Bd7 28. Rg3 Reb8 29. Rf1 Rb4 30. fxg6 fxg6 31. Bd3 c4 32. Be2 Qc5+ 33. Kh1 a4 34. Nf5+ Bxf5 35. Rxf5 Qc8 36. Rf1 a3 37. Ra1 a2 38. Rxa2 Rxa2 39. Nxa2 Rb1+ 40. Bd1 Nxe4 41. Qd4+ Kg8 42. Rf3 Qc5 43. Rxf8+ Kxf8 0-1